00584nam a2200193Ia 4500008004100000020000700041082001700048100001900065245002700084250000800111260003800119300002800157500001900185600002700204650001500231942000700246952012200253999001500375240925s9999 xx 000 0 und d aNA a620.1123 HIG aShanley, F. R. 0aMechanics of Materials a2nd aLondon:bJohn Wiley Sonsc,1967. axvi,309p.bNAfOriginal aIncludes Index aElectrical Engineering aTechnology cBK 001040708ELaUITUbUITUd1997-11-19eUIT Fruit Canadal0o620.1123 HIGpQ1291r2024-09-25 07:12:23w2024-09-25yBK c3790d3790